Everyone loves tender woman

Bibliographic Details
Main Author: Luo Furman
Format: Book
Published: Shulin : Tai yong shi , 2006
Subjects:

MARC

LEADER 00000cam a2200000 7i4500
001 0000027088
005 20090813.0
008 090813
020 |a 9574700437 
090 0 0 |a 544.3   |b LUO 
100 1 |a Luo Furman 
245 1 0 |a Everyone loves tender woman   |c Luo Furman 
260 |a Shulin :   |b Tai yong shi ,   |c 2006 
650 0 |a Man   |x Woman relationships 
999 |a 0001037226   |b Book   |c Chinese Collection   |e Perbadanan Perpustakaan Awam Johor